BIBLIOTECA PODER JUDICIAL
Portal Judicial TDF

Puntapié inicial para reactivar el desarrollo de infraestructura pública a través de las modificaciones introducidas por la Ley de Bases a la Ley Nacional de Concesión de Obra Pública N.° 17.520 / (Registro nro. 5402)

000 -LEADER
fixed length control field 01422nab a22002297a 4500
003 - CONTROL NUMBER IDENTIFIER
control field OSt
005 - DATE AND TIME OF LATEST TRANSACTION
control field 20250311130727.0
008 - FIXED-LENGTH DATA ELEMENTS--GENERAL INFORMATION
fixed length control field 190604e xxu||||| |||| 00| 0 spa d
040 ## - CATALOGING SOURCE
Transcribing agency PJ
100 ## - MAIN ENTRY--PERSONAL NAME
9 (RLIN) 5904
Personal name González Zambón, Ignacio
245 10 - TITLE STATEMENT
Title Puntapié inicial para reactivar el desarrollo de infraestructura pública a través de las modificaciones introducidas por la Ley de Bases a la Ley Nacional de Concesión de Obra Pública N.° 17.520 /
Statement of responsibility, etc Ignacio González Zambón.
260 ## - PUBLICATION, DISTRIBUTION, ETC. (IMPRINT)
Place of publication, distribution, etc Ciudad Autónoma de Buenos Aires :
Name of publisher, distributor, etc Thomson Reuters La Ley,
Date of publication, distribution, etc 2024.
300 ## - PHYSICAL DESCRIPTION
Extent p.
500 ## - GENERAL NOTE
General note Cita Online: TR LALEY AR/DOC/1949/2024.
505 ## - FORMATTED CONTENTS NOTE
Title Sumario: I. Estado de situación actual y espíritu de la reforma.— II. La Ley de Bases 27.742 y su impacto en materia de infraestructura pública.— III. Modificaciones a la Ley Nacional de Concesión de Obra Pública 17.520.— IV. Los tres pilares de la reforma y el eje necesario para la reactivación del desarrollo de infraestructura pública.— V. Conclusiones.<br/><br/>
505 ## - FORMATTED CONTENTS NOTE
Title ¿Te interesa el texto completo? Solicitalo al correo: koha@justierradelfuego.gov.ar<br/>
650 #0 - SUBJECT ADDED ENTRY--TOPICAL TERM
9 (RLIN) 1593
Topical term or geographic name as entry element OBRAS PUBLICAS
650 #0 - SUBJECT ADDED ENTRY--TOPICAL TERM
9 (RLIN) 1592
Topical term or geographic name as entry element CONTRATO DE OBRA PUBLICA
650 #0 - SUBJECT ADDED ENTRY--TOPICAL TERM
9 (RLIN) 6430
Topical term or geographic name as entry element INVERSIONES
773 0# - HOST ITEM ENTRY
Host Biblionumber 2714
Host Itemnumber 3171
Place, publisher, and date of publication Ciudad Autónoma de Buenos Aires : Thomson Reuters La Ley, 2014-
Title Revista anales de legislación argentina. Nº 8 - Agosto 2024.
942 ## - ADDED ENTRY ELEMENTS (KOHA)
Source of classification or shelving scheme
Koha item type Analítica Artículo de Revista

No hay ítems disponibles.

12 de Octubre 789 Ushuaia - Tel:  54(02901)441571
Horario de Atención: 8.00 a 17.00 hs. 
bibliotecaush@justierradelfuego.gov.ar
koha@justierradelfuego.gov.ar
Seguinos en nuestras redes @bibliojustdf 

Con tecnología Koha